Catálogo

Saca la crisis de tu cabeza : (Registro nro. 66771)

Detalles MARC
000 -LEADER
fixed length control field 01231cam a2200349 i 4500
001 - CONTROL NUMBER
control field 66771
003 - CONTROL NUMBER IDENTIFIER
control field Mx-PuUPA
005 - DATE AND TIME OF LATEST TRANSACTION
control field 20240717123845.0
008 - FIXED-LENGTH DATA ELEMENTS--GENERAL INFORMATION
fixed length control field 170306s2013 sp r 000 0 spa d
017 ## - COPYRIGHT OR LEGAL DEPOSIT NUMBER
Copyright or legal deposit number B-2748-2013
020 ## - INTERNATIONAL STANDARD BOOK NUMBER
International Standard Book Number 9788496627697
040 ## - CATALOGING SOURCE
Original cataloging agency rda
Language of cataloging spa
Transcribing agency Mx-PuUPA
Modifying agency Mx-PuUPA
Description conventions rda
041 0# - LANGUAGE CODE
Language code of text/sound track or separate title spa
100 1# - MAIN ENTRY--PERSONAL NAME
Personal name Chiesa de Negri, Cosimo,
Relator term autor
9 (RLIN) 15818
245 10 - TITLE STATEMENT
Title Saca la crisis de tu cabeza :
Remainder of title claves para un buen autodiagnóstico de tu situación y de tu empresa /
Statement of responsibility, etc. Cosimo Chiesa de Negri, Ludovica Chiesa Marín
250 ## - EDITION STATEMENT
Edition statement Primera edición /
Remainder of edition statement abril
264 #1 - PRODUCTION, PUBLICATION, DISTRIBUTION, MANUFACTURE, AND COPYRIGHT NOTICE
Place of production, publication, distribution, manufacture Barcelona, España :
Name of producer, publisher, distributor, manufacturer Ediciones Urano,
Date of production, publication, distribution, manufacture, or copyright notice ©2013
300 ## - PHYSICAL DESCRIPTION
Extent 189 Páginas ;
Dimensions 22 cm
336 ## - CONTENT TYPE
Content type term texto
Fuente rdacontent
Content type code txt
337 ## - MEDIA TYPE
Media type term sin medio
Source rdamedia
Media type code n
338 ## - CARRIER TYPE
Carrier type term volumen
Source rdacarrier
Carrier type code nc
490 0# - SERIES STATEMENT
Series statement Narrativa empresarial
650 #7 - SUBJECT ADDED ENTRY--TOPICAL TERM
Source of heading or term armarc
Topical term or geographic name entry element Administración industrial
650 #7 - SUBJECT ADDED ENTRY--TOPICAL TERM
Source of heading or term armarc
Topical term or geographic name entry element Cambio organizacional
650 #7 - SUBJECT ADDED ENTRY--TOPICAL TERM
Source of heading or term armarc
Topical term or geographic name entry element Crisis económica,
Chronological subdivision 2008-2012
650 #7 - SUBJECT ADDED ENTRY--TOPICAL TERM
Source of heading or term armarc
Topical term or geographic name entry element Empresas
General subdivision Finanzas
650 #7 - SUBJECT ADDED ENTRY--TOPICAL TERM
Source of heading or term armarc
Topical term or geographic name entry element Gestión de crisis
700 1# - ADDED ENTRY--PERSONAL NAME
Personal name Chiesa, Ludovica,
Relator term autor
942 ## - ADDED ENTRY ELEMENTS (KOHA)
Source of classification or shelving scheme Dewey Decimal Classification
Koha item type Libro
Classification part 658.16
Item part C532
Existencias
Withdrawn status Lost status Source of classification or shelving scheme Damaged status Not for loan Collection code Home library Current library Shelving location Date acquired Source of acquisition Total Checkouts Full call number Barcode Date last seen Price effective from Koha item type Copy number
    Dewey Decimal Classification     General Tehuacán Tehuacán Sala general 06/03/2017 Compra   658.16 C532 2013 968000002443 08/01/2025 06/03/2017 Libro  
    Dewey Decimal Classification     General Tehuacán Tehuacán Sala general 04/04/2017 Compra   658.16 C532 2013 968000003029 08/01/2025 04/04/2017 Libro Ej.2